01406nam a2200385 i 45000010005000000030009000050050017000140080039000310150018000700400041000880410013001290460009001420800012001510800012001631000056001752450118002312460054003492600056004033000047004593800017005063880014005235040028005376580011005656500026005766500014006027000040006167000050006567000038007067100042007448560097007869420012008839990015008959520060009109520050009708845KOSZ 00520200630132819.0071018s1969 pl a f 000 0 pol aPB 1969/10480 aWA NcWA NdKOSZ 005/RWdKOSZ 005/HR1 apolhrus k1969 a543.544 a544.7231 aKiselev, Andrej Vladimirovičd(1908-1984).eAutor10aAdsorpcyjna chromatografia gazowa /cA. W. Kisielew, J. I. Jaszin ; tł. Witold Czerwiński, Inna Proskurowska. 1 iTyt. oryg.:aGazo-adsorbcionnaâ hromatografiâ aWarszawa :bPaństwowe Wydawnictwo Naukowe,c1969. a279, [1] s., [2] k. tabl. :bil. ;c23 cm. aKsiążki. a1901-2000 aBibliogr. s. 278-[280]. aChemia 4aChromatografia gazowa 4aAdsorpcja1 ašin, Âkov Ivanovič.eAutor1 aCzerwiński, Witoldd(?-2000).eTłumaczenie1 aProskurowska, Inna.eTłumaczenie2 aPaństwowe Wydawnictwo Naukowe4pbl. uhttp://koha.tu.koszalin.pl/cgi-bin/koha/opac-detail.pl?biblionumber=8845yKatalog online BPK 2UKDcKS c8845d8845 00104070aBPKbBPKcwo8520p01772210s2014-11-22yKS 00104070aBPKbBPKcwo8520/Lp02079479yKS